| 000 | 00474nam a22001457a 4500 | ||
|---|---|---|---|
| 020 | _qHard Cover. | ||
| 082 | _a658.3 | ||
| 100 | _aMahmood, Asima Awan. | ||
| 245 |
_aSTRATEGIC HUMAN RESOURCE MANAGEMENT & ITS IMPACT ON ORGANIZATIONAL EFFECTIVENESS _cAsima Mahmood Awan |
||
| 300 | _c30 CM | ||
| 650 |
_aMBA Thesis Human Resource Management. _924929 |
||
| 700 |
_aDr. Naukhez Sarwar _917504 |
||
| 942 |
_2ddc _cTHE |
||
| 999 |
_c531831 _d531831 |
||